000 00556nam a2200181 i 4500
001 129644
003 ES-MaACL
005 20251014063206.0
007 t|
008 070627s1913 xxk ||||1| eng d
100 1 _aThompson, Alexander Hamilton,
_d1873-1952
_9110064
245 1 0 _aEnglish Monasteries /
_cAlexander Thompson Hamilton.
260 _aCambridge :
_bUniversity Press,
_c1913.
300 _aXI, 156 p. :
_bil. ;
_c16 cm.
650 4 _aMonasterios-
_zGran BretaƱa.
_9162360
852 _aES-MaACL
_jD-3257
999 _c129644
_d129644